| 000 | 00686nam a2200241 i 4500 | ||
|---|---|---|---|
| 001 | 131450 | ||
| 003 | ES-MaACL | ||
| 005 | 20230906194002.0 | ||
| 007 | t| | ||
| 008 | 070214s1980 sp a |||| | spa d | ||
| 020 | _a84-239-6477-9 | ||
| 080 | _a159.92 | ||
| 080 | _a612.82(04) | ||
| 100 | 1 |
_aDelgado, José M. R. _943412 |
|
| 245 | 1 | 0 |
_aControl físico de la mente _b: hacia una sociedad psicocivilizada / _cJosé M.R. Delgado. |
| 250 | _a3ª ed. | ||
| 260 |
_aMadrid : _bEspasa-Calpe, _c1980. |
||
| 300 |
_a320 p. : _bil. ; _c20 cm. |
||
| 504 | _aBibliografía: p. 303-316. | ||
| 650 | 0 | 4 |
_aMente y cuerpo. _914993 |
| 650 | 4 |
_aCerebro. _910903 |
|
| 852 |
_aES-MaACL _jL-9688 |
||
| 999 |
_c131450 _d131450 |
||